| 000 | 00377nam a2200109Ia 4500 | ||
|---|---|---|---|
| 008 | 171204s9999 xx 000 0 und d | ||
| 245 | _aGulnaz Ka Pakwan: My Traditional Food Recipes Of Erstwhile Princely Mysore State | ||
| 245 | _cSyeda Gulnaz Tareen | ||
| 260 | _c2015 | ||
| 650 | _xCulinary Arts & Sciences with Lab | ||
| 856 | _uhttp://down.ebook777.com/024/9781482848465.pdf | ||
| 999 |
_c346627 _d346627 |
||